Online Catalogue and eLibrary

The Cage : (Record no. 5761)

MARC details
000 -LEADER
fixed length control field 00259nam a2200097Ia 4500
008 - FIXED-LENGTH DATA ELEMENTS--GENERAL INFORMATION
fixed length control field 240331s9999 xx 000 0 und d
082 ## - DDC Classification
Item Number - Author Mark WEI
100 ## - MAIN ENTRY--PERSONAL NAME
Personal name Weiss,G
245 #4 - TITLE STATEMENT
Title The Cage :
Remainder of title The Fight for Sri Lanka and the Last Days of the Tamil Tigers
942 ## - Koha item type (Biblio)
Koha item type Books in Stacks (Lending)
Holdings
Lost status Damaged status Collection code Home library Current library Shelving location Date acquired Full call number Accession Number Item type
    Lending WERC Library WERC Library Social Science Cupboard 03/31/2024 322.42 WEI 6662 Books in Stacks (Lending)

© WERC Library